|
|
|
|
| LEADER |
00000nam a22000007a 4500 |
| 005 |
20110823122410.0 |
| 008 |
110823t2010 mx |||||sn||| 001 0 spa d |
| 020 |
|
|
|a 978-607-7603-53-5
|
| 035 |
|
|
|a 5462
|
| 040 |
|
|
|a vLex
|
| 090 |
|
|
|c 2250
|d 2250
|
| 100 |
1 |
|
|a Gonzl̀ez Martn̕, Nuria
|
| 245 |
1 |
0 |
|a Derecho internacional privado
|c Nuria Gonzl̀ez Martn̕, Sonia Rodrg̕uez Jimňez
|h [Recurso electrn̤ico] /
|p Parte general
|
| 256 |
|
|
|a Servicio en ln̕ea.
|
| 260 |
|
|
|a [Mx̌ico] :
|b Nostra Ediciones,
|c 2010
|
| 500 |
|
|
|a La obra se estructura en seis capt̕ulos que van desde lo general a lo particular. Creemos que šte manual puede ser de utilidad para los presentes y futuros operadores jurd̕icos, de cara a entender la magnitud, las implicaciones, as ̕como los problemas que en la actualidad presentan las relaciones jurd̕icas internacionales.
|
| 506 |
1 |
|
|a Contenido solo disponible en los productos indicados
|d vLex Global
|d vLex Global (Academic Edition, excluding Law Schools)
|d vLex Global (U.S. Academic Edition, Law Schools)
|d vLex Global (U.S. Academic Edition, excluding Law Schools)
|d vLex Global (Academic Edition, Law Schools)
|
| 650 |
0 |
4 |
|a Derecho internacional privado
|
| 700 |
1 |
|
|a Rodrg̕uez Jimňez, Sonia
|
| 740 |
0 |
|
|a vLex Libros (Servicio en ln̕ea)
|
| 856 |
4 |
0 |
|u http://vlex.com/source/5462
|z Acceso restringido
|
| 942 |
|
|
|c BOOK
|